| 000 | 01074nam a22002777a 4500 | ||
|---|---|---|---|
| 001 | 9885 | ||
| 003 | FISKH | ||
| 005 | 20260311162400.0 | ||
| 008 | 260311b cb ||||| |||| 00| 0 eng d | ||
| 020 | _a9781408324141 | ||
| 040 |
_aFISKH _beng _cFISKH _dFISKH |
||
| 050 | _aPZ7 | ||
| 082 | _a823.92 | ||
| 100 |
_aBlade, Adam _eAuthor |
||
| 245 |
_aMangler the dark menace : _bSea Quest / _cBy Adam Blade |
||
| 260 |
_aLondon : _bOrchard Books , _c2013 |
||
| 300 |
_a120 pages : _billustrations ; _c20 cm |
||
| 490 |
_aSea Quest : _vBook 8 |
||
| 505 | _aR | ||
| 520 | _aA new Sea Quest continues! Max and his friends have already fought off three terrible Robobeasts. Now they face the ultimate battle, as the evil Professor tries to use Mangler the Dark Menace to destroy the ocean worlds! Don't miss the other books in this series: Shredder the Spider Droid, Stinger the Sea Phantom and Crusher the Creeping Terror. | ||
| 521 | 8 |
_a710
_bLexile |
|
| 521 | 8 |
_aR
_bRaz-Plus |
|
| 650 |
_aFantasy & magic _vAction & adventure |
||
| 942 |
_2ddc _cBK _n0 |
||
| 999 |
_c9885 _d9885 |
||